000 00558nam a2200217Ia 4500
003 OSt
005 20230412163842.0
008 210423s2006 xx 000 0 und d
020 _a100073010187
040 _cAL
041 _aeng
082 _a302.23
_223
_b GRIE
100 _aGRIFFIN (EM).
_987405
245 _aFirst look at communication theory.
250 _a6
260 _aNew Delhi
_bOxford University Press
_c2006
300 _axx,526
_bPB
365 _b1479
_cINR
906 _aat ; communication ; First ; look ; theory.
942 _2ddc
_cBK
999 _c157307
_d157307